00237nam a2200085Ia 4500008004100000100001800041245005600059260002800115300000800143201217s9999 xx 000 0 und d aVerma, Pramod 0aIndfustrial Labour in India ; an Emperical Approach aNew DelhibOxford & IBH a258